| 000 | 00563nam a2200181 a 4500 | ||
|---|---|---|---|
| 005 | 20231013063606.0 | ||
| 008 | 991125s1939 mx 000 0 spa u | ||
| 035 | _aUPN01000026073 | ||
| 049 | _aLT | ||
| 050 | 4 |
_aLB1583 M6.3 _bC3.3 1939 |
|
| 100 | 1 | _aCastellano, Luis | |
| 245 | 1 | 0 |
_aGeografía general : _bespecial para América : tercer grado / _cpor Luis Castellano. |
| 250 | _a11a ed. rev. | ||
| 260 |
_aMéxico : _bProgreso, _c1939. |
||
| 300 |
_a152 p. : _bil. col., mapas |
||
| 650 | 4 |
_aGeografía _xEstudio y enseñanza (Elemental) _92801 |
|
| 905 | _aLibro | ||
| 999 |
_c26073 _d26073 |
||